| Tag |
First Indicator |
Second Indicator |
Subfields |
| LEADER |
00000cam a2200000 a 4500 |
| 001 |
in00000019052 |
| 005 |
20151007054141.0 |
| 008 |
870804s1988 caub b 00110 eng |
| 010 |
|
|
|a 87019441
|
| 020 |
|
|
|a 0520057899 (alk. paper)
|
| 035 |
|
|
|a (OCoLC)16525266
|
| 035 |
|
|
|9 AAB4136AM
|
| 040 |
|
|
|a DLC
|c DLC
|d TXA
|d UtOrBLW
|
| 049 |
|
|
|a TXAM
|c [A11053259]
|
| 050 |
0 |
0 |
|a P130.5
|b .T46 1988
|
| 082 |
0 |
|
|a 417/.2
|2 19
|
| 100 |
1 |
|
|a Thomason, Sarah Grey.
|
| 245 |
1 |
0 |
|a Language contact, creolization, and genetic linguistics /
|c Sarah Grey Thomason and Terrence Kaufman.
|
| 264 |
|
1 |
|a Berkeley :
|b University of California Press,
|c [1988]
|
| 264 |
|
4 |
|c ©1988
|
| 300 |
|
|
|a xi, 411 pages :
|b maps ;
|c 24 cm.
|
| 336 |
|
|
|a text
|b txt
|2 rdacontent
|
| 337 |
|
|
|a unmediated
|b n
|2 rdamedia
|
| 338 |
|
|
|a volume
|b nc
|2 rdacarrier
|
| 504 |
|
|
|a Bibliography: pages [369]-390.
|
| 500 |
|
|
|a Includes indexes.
|
| 650 |
|
0 |
|a Languages in contact.
|
| 650 |
|
0 |
|a Linguistic change.
|
| 650 |
|
0 |
|a Interference (Linguistics)
|
| 650 |
|
0 |
|a Languages, Mixed.
|
| 650 |
|
0 |
|a Comparative linguistics.
|
| 700 |
1 |
|
|a Kaufman, Terrence,
|d 1937-
|
| 999 |
|
|
|a MARS
|
| 999 |
f |
f |
|s 78b785ef-02c7-3c72-9948-70d0332357ed
|i 6aead5bd-e3da-30ce-b748-164d9b528c64
|t 0
|
| 952 |
f |
f |
|p ric
|a Texas A&M University
|b Rellis Campus
|c Joint Library Facility
|s JLF
|d Remote Storage
|t 0
|e P130.5 .T46 1988
|h Library of Congress classification
|i unmediated -- volume
|m A14811053259
|
| 998 |
f |
f |
|a P130.5 .T46 1988
|t 0
|l Remote Storage
|